|
|
|
|
| LEADER |
01251nam a2200361 a 4500 |
| 001 |
EBC863946 |
| 003 |
MiAaPQ |
| 005 |
20200520144314.0 |
| 006 |
m o d | |
| 007 |
cr cn||||||||| |
| 008 |
111006s2012 nyu s 001 0 eng d |
| 010 |
|
|
|z 2011041503
|
| 020 |
|
|
|z 0814420095
|
| 020 |
|
|
|z 9780814420096
|
| 020 |
|
|
|a 9780814420102 (electronic bk.)
|
| 035 |
|
|
|a (MiAaPQ)EBC863946
|
| 035 |
|
|
|a (Au-PeEL)EBL863946
|
| 035 |
|
|
|a (CaPaEBR)ebr10530653
|
| 035 |
|
|
|a (OCoLC)777401211
|
| 040 |
|
|
|a MiAaPQ
|c MiAaPQ
|d MiAaPQ
|
| 050 |
|
4 |
|a HF5438.25
|b .H8674 2012
|
| 082 |
0 |
4 |
|a 658.85
|2 23
|
| 100 |
1 |
|
|a Hunter, Mark,
|d 1956-
|
| 245 |
1 |
0 |
|a High-profit selling
|h [electronic resource] :
|b win the sale without compromising on price /
|c Mark Hunter.
|
| 260 |
|
|
|a New York :
|b American Management Association,
|c 2012.
|
| 300 |
|
|
|a xiii, 274 p.
|
| 500 |
|
|
|a Includes index.
|
| 533 |
|
|
|a Electronic reproduction. Ann Arbor, MI : ProQuest, 2015. Available via World Wide Web. Access may be limited to ProQuest affiliated libraries.
|
| 650 |
|
0 |
|a Selling.
|
| 650 |
|
0 |
|a Markup.
|
| 655 |
|
4 |
|a Electronic books.
|
| 710 |
2 |
|
|a ProQuest (Firm)
|
| 856 |
4 |
0 |
|u https://ebookcentral.proquest.com/lib/matrademy/detail.action?docID=863946
|z Click to View
|